000 01278nam a22003857a 4500
003 CHAP
005 20220817044300.0
008 090716s2007 it rn 00010 eng d
010 _a96538
011 _a97510
020 _a9789251058763
035 _a108178
040 _cCHAP
090 _aFolleto 17412
_bv.506
110 2 _aFAO
245 1 0 _aOptions to mitigate bottom habitat impact of dragged gears
_c/by John Willy Valdemarsen, Terje Jørgensen, Arill Engås
260 _aRome :
_bFAO,
_c2007
300 _aviii, 28 p.
490 0 _aDocumento técnico de pesca
_v; 506
590 _aBATCH-UPD
_b10
_c20130110
_lUCH01
_h1746
590 _aBATCH-UPD
_b10
_c20130410
_lUCH01
_h1125
590 _aBATCH-UPD
_b10
_c20130914
_lUCH01
_h1216
590 _aCONVERSION
_b10
_c20130109
_lUCH01
_h1353
650 1 4 _aEcología marina.
_935183
650 1 4 _aMedio ambiente.
_974065
650 1 4 _aRecursos marinos
_xConservación.
_995152
650 1 4 _aRedes de pesca.
_995383
700 1 _aEngas, Arill
_936947
700 1 _aJorgensen, Terje.
_962122
700 1 _aValdemarsen, John Willy
_9117245
830 0 0 _aDocumento técnico de pesca
_v; 506
_933242
901 _aBK
942 _cFOLL
949 _aFolleto 17412 v.506
_bBC
_cFAO
_d33724002075058
_eFAO1
_gDonaciØn
_i108178
_sb
999 _c96538
_d96538